Music Quiz

Random Music or Album Quiz

Top 100 Albums: Click the Artist Quiz Stats

 Plays Quiz Updated Jun 21, 2017

Support Sporcle.
Go Orange.
Score 0/63 Timer 08:00
1 Play Today
% Correct
Prince
93.4%
Led Zeppelin
92.2%
Michael Jackson
91.4%
Eagles
90.9%
Pink Floyd
90.7%
The Doors
90.6%
Ramones
90.6%
Bruce Springsteen
90.2%
The Beatles
89.9%
Elvis Presley
88.7%
Bob Dylan
88.5%
The Clash
88.1%
John Lennon
87.8%
Sex Pistols
87.4%
Little Richard
87.2%
AC|DC
86.6%
David Bowie
86.4%
Elton John
86.3%
Johnny Cash
85.7%
Velvet Underground
84.8%
U2
84%
Simon and Garfunkel
83.6%
The Who
81.5%
Fleetwood Mac
80.9%
Nirvana
77.7%
Otis Redding
76.5%
Guns N' Roses
74.1%
The Rolling Stones
73.4%
Marvin Gaye
71.3%
The Beach Boys
71.2%
The Band
71.2%
The Jimi Hendrix Experience
70.1%
% Correct
Dusty Springfield
69.1%
Paul Simon
66.9%
Neil Young
66.2%
Aretha Franklin
64.2%
Van Morrison
61.4%
Stevie Wonder
58.9%
Carole King
58.8%
Billy Joel
50.7%
Public Enemy
47.6%
Bob Marley and the Wailers
46.8%
Creedence Clearwater Revival
44.4%
Curtis Mayfield
41.5%
Miles Davis
40.7%
Patti Smith
37.1%
Captain Beefheart and his Magic Band
35.1%
Joni Mitchell
35%
Allman Brothers Band
34.5%
James Brown
33.2%
Elvis Costello
31.6%
Frank Sinatra
27.4%
Robert Johnson
27%
Buddy Holly
25.3%
Chuck Berry
23.2%
John Coltrane
23.1%
Sly and Family Stone
21.4%
Al Green
20.7%
Phil Spector
19%
The Zombies
18.8%
Love
18.8%
Ray Charles
16.2%
Muddy Waters
14.4%

You're not logged in!

Compare scores with friends on all Sporcle quizzes.
OR
Log In
Forgot?

From the Vault

100 Number Matching Madness

by Ubbiebubbie

It can be dangerous to play with matches.
Remove Ads.
Support Sporcle.
Get the best of Sporcle when you Go Orange. This ad-free experience offers more features, more stats, and more fun while also helping to support Sporcle. Thank you for becoming a member.

Show Comments

Extras

Top Quizzes Today


Score Distribution

Your Account Isn't Verified!

In order to create a playlist on Sporcle, you need to verify the email address you used during registration. Go to your Sporcle Settings to finish the process.

Report this User

Report this user for behavior that violates our Community Guidelines.

Details: